Очерки развития математики в СССР. Теоретческая математика. Прикладные вопросы математики

Podrobná bibliografie
Korporace: Академия наук СССР (АН СССР) Институт истории естествознания и техники (ИИЕТ АН СССР), Академия наук Украинской ССР (АН УССР)
Další autoři: Штокало И. З. Иосиф Захарович (редактор)
Jazyk:ruština
Vydáno: Киев, Наукова думка, 1983
Témata:
Médium: MixedMaterials Kniha
KOHA link:https://koha.lib.tpu.ru/cgi-bin/koha/opac-detail.pl?biblionumber=291119

MARC

LEADER 00000nam0a2200000 4500
001 291119
005 20231102000345.0
020 |a RU  |b 84-3041 
035 |a (RuTPU)RU\TPU\book\315681 
090 |a 291119 
100 |a 20150410d1983 k y0rusy5003 ca 
101 0 |a rus 
102 |a UA 
105 |a a z 001zy 
200 1 |a Очерки развития математики в СССР. Теоретческая математика. Прикладные вопросы математики  |f Академия наук СССР (АН СССР), Институт истории естествознания и техники (ИИЕТ АН СССР) ; Академия наук Украинской ССР (АН УССР) ; под ред. И. З. Штокало 
210 |a Киев  |c Наукова думка  |d 1983 
215 |a 764 с.  |c ил. 
320 |a Библиогр.: с. 681-738 
320 |a Именной указатель: с. 739-763 
606 |a Математика  |x История  |2 stltpush  |3 (RuTPU)RU\TPU\subj\67385  |9 83209 
610 1 |a СССР 
610 1 |a развитие 
610 1 |a алгебра 
610 1 |a геометрия 
610 1 |a топология 
610 1 |a теория функций 
610 1 |a теория приближения 
610 1 |a обыкновенные дифференциальные уравнения 
610 1 |a уравнения с частными производными 
610 1 |a функциональный анализ 
610 1 |a спектральная теория 
610 1 |a интегральные уравнения 
610 1 |a операционное исчисление 
610 1 |a теория вероятностей 
610 1 |a математическая статистика 
610 1 |a историко-научные исследования 
610 1 |a теоретическая кибернетика 
610 1 |a асимптотические методы 
610 1 |a механика твердого тела 
610 1 |a механика жидкости 
610 1 |a теория механизмов 
610 1 |a теория машин 
610 1 |a Земля 
610 1 |a космос 
610 1 |a химия 
675 |a 51(09)  |v 3 
702 1 |a Штокало  |b И. З.  |g Иосиф Захарович  |4 340 
712 0 2 |a Академия наук СССР (АН СССР)  |b Институт истории естествознания и техники (ИИЕТ АН СССР)  |c (Москва)  |c (1953- )  |2 stltpush  |3 (RuTPU)RU\TPU\col\8662 
712 0 2 |a Академия наук Украинской ССР (АН УССР)  |c (1936-1991)  |2 stltpush  |3 (RuTPU)RU\TPU\col\332 
801 0 |a RU  |b RuMRKP  |c 19950704  |g psbo 
801 1 |a RU  |b 63413507  |c 20150410 
801 2 |a RU  |b 63413507  |c 20181211  |g RCR 
942 |c BK